000
00250nam a22001217a 4500
008
190206b xxu||||| |||| 00| 0 eng d
041
_a
eng
080
_a
510
100
_a
38
101
_a
MAT
245
_a
Algebra
_c
Dolciani,M.P
942
_2
udc
_c
BK
999
_c
54097
_d
54097